Cicatrices de la pobreza: un estudio psicoanalítico
Uloženo v:
| Hlavní autor: | |
|---|---|
| Médium: | Text |
| Vydáno: |
Caracas:
Nueva Sociadad
|
| Tagy: |
Přidat tag
Žádné tagy, Buďte první, kdo vytvoří štítek k tomuto záznamu!
|
MARC
| LEADER | 00000 a a2200000 04500 | ||
|---|---|---|---|
| 001 | 25793 | ||
| 003 | |||
| 040 | |||
| 020 | |a 980-6110-49-8 | ||
| 090 | |a 174100 | ||
| 100 | |a Rodríguez Rabanal, César | ||
| 245 | |a Cicatrices de la pobreza: un estudio psicoanalítico | ||
| 260 | |a Caracas: |b Nueva Sociadad | ||
| 300 | |a 240 p | ||
| 999 | |c 15296 |d 15296 | ||



